| 000 | 00643nam a2200217Ia 4500 | ||
|---|---|---|---|
| 005 | 20241129110237.0 | ||
| 008 | 241129s9999||||xx |||||||||||||| ||und|| | ||
| 020 | _a978-0-19-763868-2 | ||
| 037 | _aTB | ||
| 040 |
_aARTS _beng _cARTS |
||
| 041 |
_aeng _2eng |
||
| 084 |
_aV1:19 R3 _qARTS |
||
| 100 |
_aAttiacci Eleonora Au. _9727558 |
||
| 245 | 0 |
_aVolatile states in international politics _cAttiacci Eleonora Au. |
|
| 260 |
_aOxford, USA _bOxford University Press _c2014 |
||
| 300 | _axii,215p. | ||
| 365 |
_aINR _b995 |
||
| 650 |
_aHistory-WorldForeign Relations _9727228 |
||
| 942 |
_cTB _hV1:19 R3 |
||
| 999 |
_c1227858 _d1227858 |
||